The 3 mistakes of my life : (Record no. 30733)

MARC details
000 -LEADER
fixed length control field 01589nam a22003373a 4500
005 - DATE AND TIME OF LATEST TRANSACTION
control field 20090930121333.0
008 - FIXED-LENGTH DATA ELEMENTS--GENERAL INFORMATION
fixed length control field 050725t20052003nyu | 00| f eng d
010 ## - LCCN (DPL NO)
LC control number B-359083
020 ## - INTERNATIONAL STANDARD BOOK NUMBER
International Standard Book Number 9788129113726
Terms of availability 95.00
035 ## - SYSTEM CONTROL NUMBER
System control number B-359083
035 ## - SYSTEM CONTROL NUMBER
System control number B-368629
037 ## - SOURCE OF ACQUISITION
Source of stock number/acquisition Pansy Books
037 ## - SOURCE OF ACQUISITION
Source of stock number/acquisition RP
040 ## - CATALOGING SOURCE
Original cataloging agency dpl
Language of cataloging English
082 ## - DEWEY DECIMAL CLASSIFICATION NUMBER
Classification number N
100 ## - MAIN ENTRY--PERSONAL NAME
Personal name Bhagat, Chetan
245 ## - TITLE STATEMENT
Title The 3 mistakes of my life :
Statement of responsibility, etc by Chetan Bhagat
Remainder of title a story about business, cricket and religion /
260 ## - PUBLICATION, DISTRIBUTION, ETC. (IMPRINT)
Place of publication, distribution, etc New Delhi
Name of publisher, distributor, etc Rupa & Co.
Date of publication, distribution, etc 2009
270 ## - ADDRESS
Address 7/16, Ansari Road, Daryaganj
City New Delhi
Postal code 110002
300 ## - PHYSICAL DESCRIPTION
Extent xx, 257p.
Dimensions 21cm(pbk)
655 ## - INDEX TERM--GENRE/FORM
Genre/form data or focus term Love stories.
Source of term gsafd
655 ## - INDEX TERM--GENRE/FORM
Genre/form data or focus term Domestic fiction.
Source of term lcsh
710 ## - ADDED ENTRY--CORPORATE NAME
Corporate name or jurisdiction name as entry element Copyright Paperback Collection (Library of Congress)
942 ## - ADDED ENTRY ELEMENTS (KOHA)
Source of classification or shelving scheme Dewey Decimal Classification
Item type English Books
Classification part N
Call number suffix BHA
Holdings
Withdrawn status Lost status Source of classification or shelving scheme Damaged status Not for loan Collection code Home library Current library Date acquired Source of acquisition Cost, normal purchase price Total Checkouts Total Renewals Full call number Barcode Date last seen Copy number Cost, replacement price Koha item type
    Dewey Decimal Classification       Andrews Gunj Andrews Gunj 06/03/2010 RP 95.00     N CHE   06/03/2010 1 95.00  
Withdrawn   Dewey Decimal Classification     Fiction Janak Puri Janak Puri 30/09/2009 Pansy Books/942/29.9.09/92/4.9.09/29.9.09 95.00 62 4 N CHE B-359083 26/02/2013 1 95.00 English Books
  Written-off vide DLB M. No. 383 dt 16.05.19 Dewey Decimal Classification     Fiction Patel Nagar Patel Nagar 08/05/2010 Pansy Books/970/27.1.10/3095/22.1.10/28.10.10 95.00     N BHA B-368629 08/05/2010 1 95.00 English Books

© Delhi Public Library
Hit Counter
free hit counter